000 01366cam a2200373 i 4500
001 18387697
003 PILC
005 20150908075638.0
008 141126s2014 ph b 001 0 eng
010 _a 2014309761
020 _a9789715506991 (newsprint)
020 _a9789715506946 (paperback)
040 _aDLC
_beng
_cDLC
_erda
_dDLC
042 _alcode
_apcc
043 _aa-ph---
050 0 0 _aHD 58.7
_b.U529 2014
245 0 0 _aUnderstanding the Filipino worker and organization /
_ceditors, Ma. Regina M. Hechanova, Mendiola Teng-Calleja, Vanessa C. Villaluz.
260 _aQuezon City :
_bAteneo De Manila University,
_c2014.
300 _axiii, 337 pages ;
_c26 cm.
490 0 _aPsychology/management
500 _aIncludes bibliographical references and index.
546 _aIn English.
650 0 _aOrganizational behavior
_zPhilippines.
650 0 _aCommunication in organizations
_zPhilippines.
650 0 _aInterpersonal relations
_zPhilippines.
650 0 _aCorporate culture
_zPhilippines.
700 1 _aHechanova, Ma. Regina M.
_eeditor.
700 1 _aCalleja, Mendiola Teng-
_eeditor.
700 1 _aVillaluz, Vanessa C.
_eeditor.
710 2 _aAteneo de Manila University Press,
_epublisher.
906 _a7
_bcbc
_corigode
_d3
_encip
_f20
_gy-gencatlg
942 _2lcc
_cBK
999 _c288641
_d288641